000 00818nac a22002291u 4500
010 _a 76028205
020 _a0070154279
082 0 0 _a620.106
_bD2382
090 _c4224
_d4224
100 _aDaugherty, Robert L.
245 1 0 _aFluid mechanics, with engineering applications /
_cRobert L. Daugherty, Joseph B. Franzini.
250 _a7th ed.
260 _aNew York :
_bMcGraw-Hill,
_cc1977.
300 _axix, 564 p. :
_bill. ;
_c24 cm.
500 _aFirst-4th ed. published under title: Hydraulics.
500 _aIncludes index.
504 _aBibliography: p. 546-548.
650 0 _aHydraulics.
700 1 _aFranzini, Joseph B.,
942 _cBB
_k620.106D2382
999 _c4224
_d4224